000 00517nam a2200181 i 4500
001 100839
003 ES-MaACL
005 20260217063012.0
007 t|
008 051006s1921 fr ||||1| fre d
100 0 _aMathiez, Albert
_979054
245 1 3 _aLa question sociale pendant la Revolution Française /
_cAlbert Mathiez.
250 _a2ª ed.
260 _aParis :
_b[s.n.],
_c1921 (
_fLa Cootypographie)
300 _a37 p. ;
_c18 cm.
852 _aES-MaACL
_j1791-F-11
999 _c100839
_d100839